Cars personaggi - Statistics

Statistiche generali
  • Questo quiz è stato fatto 70 volte
  • Il punteggio medio è 13 su 38
Statistiche sulle risposte
Risposta % Corretto
Saetta Mcqueen
98%
Carl Attrezzi
95%
Sally
87%
Guido
85%
Hudson Hornet
85%
Luigi
82%
Chick Hicks
58%
Francesco Bernulli
52%
Sceriffo
52%
Fillmore
48%
Mack
48%
Flo
47%
Ramone
47%
Sergente
45%
Strip Weather
42%
Red
37%
Lizzie
33%
Bessie
18%
Wingo
17%
DJ
15%
Snot Rod
15%
Tex
15%
Harv
13%
Frank
12%
Mia
12%
Stanley
12%
Tia
12%
Boost
10%
Fred
10%
Darrell Cartrip
8%
Kori Turbowitz
8%
Non mi chiamo Ciccio
8%
Rusty
8%
Bob Cutlass
7%
Minni
5%
Van
5%
Dasty
3%
Brad Mustangburger
2%
Nessun quiz corrispondente trovato
Distribuzione punteggi
Percentuale di utenti per punteggio
Percentile per numero di risposta
I tuoi punteggi nel tempo
Non hai fatto questo quiz